The West Indies and the Spanish main / (Record no. 163851)
[ view plain ]
| 000 -LEADER | |
|---|---|
| campo de control de longitud fija | 00741nam a22002055i 4500 |
| 001 - NÚMERO DE CONTROL | |
| campo de control | 163851 |
| 003 - IDENTIFICADOR DE NÚMERO DE CONTROL | |
| campo de control | ES-MaACL |
| 005 - FECHA Y HORA DE LA ÚLTIMA TRANSACCIÓN | |
| campo de control | 20230906212825.0 |
| 008 - DATOS DE LONGITUD FIJA--INFORMACIÓN GENERAL | |
| campo de control de longitud fija | 050720s1896 xxkabf | |||||||| ||eng |
| 100 1# - ENTRADA PRINCIPAL--NOMBRE DE PERSONA | |
| Nombre de persona | Rodway, James. |
| 9 (RLIN) | 131979 |
| 245 14 - MENCIÓN DEL TÍTULO | |
| Título | The West Indies and the Spanish main / |
| Mención de responsabilidad, etc. | by James Rodway. |
| 250 ## - MENCION DE EDICION | |
| Mención de edición | 3th imp. |
| 260 ## - PUBLICACIÓN, DISTRIBUCIÓN, ETC. | |
| Lugar de publicación, distribución, etc. | London : |
| Nombre del editor, distribuidor, etc. | T. Fisher Unwin, |
| Fecha de publicación, distribución, etc. | 1896 ( |
| Lugar de fabricación/manufactura | Edinburgh : |
| Fabricante | Morrison and Gibb) |
| 300 ## - DESCRIPCIÓN FÍSICA | |
| Extensión | XXIV, 371 p., [1] h. de lám., [1] h. de mapa : |
| Otras características físicas | il. ; |
| Dimensiones | 20 cm. |
| 490 1# - MENCIÓN DE SERIE | |
| Mención de serie | The story of the nations ; |
| Designación de volumen o secuencia | 57 |
| 651 #4 - PUNTO DE ACCESO ADICIONAL DE MATERIA--NOMBRE GEOGRÁFICO | |
| Nombre geográfico | América española- |
| Subdivisión general | Historia. |
| 9 (RLIN) | 7723 |
| 830 1# - PUNTO DE ACCESO ADICIONAL DE SERIE-TÍTULO UNIFORME | |
| Título uniforme | The story of the nations ; |
| Designación de volumen o secuencia | 57 |
| 9 (RLIN) | 221921 |
| 852 ## - LOCALIZACIÓN | |
| Ubicación | ES-MaACL |
| Número de control de estantería | G-6325 |
| Nota libre | - Enc. ed. en tela verde cromolit. |
| Estatus retirado | Estado de pérdida | Estado de daño | No para préstamo | Colección | Biblioteca de origen | Biblioteca actual | Ubicación en estantería | Fecha de adquisición | Fuente de adquisición | Total de préstamos | Signatura topográfica completa | Código de barras | Visto por última vez | Precio de reemplazo | Tipo de ítem Koha |
|---|---|---|---|---|---|---|---|---|---|---|---|---|---|---|---|
| Libros del s. XIX | Biblioteca del Ateneo de Madrid | Biblioteca del Ateneo de Madrid | Depósito 2 | 17/01/2008 | G-6325 | 1171719 | 23/02/2023 | 23/02/2023 | Libro impreso antiguo |
